La Prestación de servicios a la comunidad y la jurisdicción penal juvenil en Costa Rica /
Guardado en:
| 主要作者: | |
|---|---|
| 格式: | Texto |
| 主題: | |
| 標簽: |
添加標簽
沒有標簽, 成為第一個標記此記錄!
|
MARC
| LEADER | 00000 a a2200000 04500 | ||
|---|---|---|---|
| 001 | 17397 | ||
| 003 | |||
| 040 | |||
| 100 | |a Burgos Mata, Alvaro A | ||
| 245 | |a La Prestación de servicios a la comunidad y la jurisdicción penal juvenil en Costa Rica / |c Alvaro A Burgos Mata | ||
| 650 | |a ADOLESCENTES | ||
| 650 | |a PROBLEMAS SOCIALES | ||
| 650 | |a DELINCUENCIA | ||
| 650 | |a DELINCUENCIA JUVENIL | ||
| 650 | |a DELITOS | ||
| 650 | |a CASTIGO | ||
| 650 | |a SANCIONES PENALES | ||
| 650 | |a ASPECTOS JURIDICOS | ||
| 650 | |a LEGISLACION | ||
| 650 | |a ADMINISTRACION DE LA JUSTICIA | ||
| 773 | |g número 5; páginas 507-532 | ||
| 999 | |c 22681 |d 22681 | ||
